Verdad y método

Guardat en:
Dades bibliogràfiques
Autor principal: Gadamer, Hans-Georg (Autor)
Format: Llibre
Idioma:espanyol
Publicat: Salamanca Sígueme 1992
Edició:3a. ed
Col·lecció:Colección Hermeneia, 34
Matèries:
Etiquetes: Afegir etiqueta
Sense etiquetes, Sigues el primer a etiquetar aquest registre!

MARC

LEADER 00000nam a2200000 a 4500
001 UCY1741
003 CL-VaPUC
005 20240130104117.0
008 940914e19920000SP |||||||||||||||||spa|d
999 |c 230346  |d 230344 
020 |a 8430111808 
040 |c Pontificia Universidad Católica de Valparaíso 
082 0 4 |a 121.68  |b GAD  |2 21 
100 |a Gadamer, Hans-Georg  |e author  |9 360406 
245 1 0 |a Verdad y método 
250 |a 3a. ed 
260 |a Salamanca  |b Sígueme  |c 1992 
300 |a 2 v 
490 0 |a Colección Hermeneia, 34 
583 |a last modification  |c 19940914 00:00:00  |k Rodrigo Vera 
650 0 |a Hermenéutica  |9 269473 
650 0 |a Verdad  |9 313815 
650 0 |a Filosofía  |9 866231  |x Historia  
650 0 |a Lenguaje   |9 265069 
650 0 |a Retórica   |9 266620 
942 |c BK  |2 ddc 
945 |d 19940914 00:00:00  |a rbrito 
952 |0 0  |1 0  |4 0  |6 121_680000000000000_GAD_1992  |7 0  |8 R  |9 232519  |a BIBGIM  |b BIBGIM  |d 2019-11-15  |h v.2  |i 4019253  |o 121.68 GAD 1992  |p 4019253  |r 2025-01-15  |w 2019-11-15  |y BK_R  |k SSL